Technological Solutions for Water Sustainability : Challenges and Prospects - Towards a Water-Secure India.

Bibliographic Details
Main Author: Philip, Ligy.
Other Authors: Pradeep, T., Murty Bhallamudi, S.
Format: eBook
Language:English
Published: London : IWA Publishing, 2023.
Edition:1st ed.
Subjects:
Online Access:Click to View
LEADER 01493nam a22003613i 4500
001 EBC30623788
003 MiAaPQ
005 20240729202206.0
006 m o d |
007 cr cnu||||||||
008 240729s2023 xx o ||||0 eng d
020 |a 9781789063714  |q (electronic bk.) 
020 |z 9781789063707 
035 |a (MiAaPQ)EBC30623788 
035 |a (Au-PeEL)EBL30623788 
040 |a MiAaPQ  |b eng  |e rda  |e pn  |c MiAaPQ  |d MiAaPQ 
100 1 |a Philip, Ligy. 
245 1 0 |a Technological Solutions for Water Sustainability :  |b Challenges and Prospects - Towards a Water-Secure India. 
250 |a 1st ed. 
264 1 |a London :  |b IWA Publishing,  |c 2023. 
264 4 |c Ã2023. 
300 |a 1 online resource (322 pages) 
336 |a text  |b txt  |2 rdacontent 
337 |a computer  |b c  |2 rdamedia 
338 |a online resource  |b cr  |2 rdacarrier 
588 |a Description based on publisher supplied metadata and other sources. 
590 |a Electronic reproduction. Ann Arbor, Michigan : ProQuest Ebook Central, 2024. Available via World Wide Web. Access may be limited to ProQuest Ebook Central affiliated libraries.  
655 4 |a Electronic books. 
700 1 |a Pradeep, T. 
700 1 |a Murty Bhallamudi, S. 
776 0 8 |i Print version:  |a Philip, Ligy  |t Technological Solutions for Water Sustainability  |d London : IWA Publishing,c2023  |z 9781789063707 
797 2 |a ProQuest (Firm) 
856 4 0 |u https://ebookcentral.proquest.com/lib/matrademy/detail.action?docID=30623788  |z Click to View